Państwa nieuznawane - Statystyki

Ogólne statystyki
  • Ten quiz został rozwiązany 47 razy
  • Średni wynik to 5 z 8
Statystyki odpowiedzi
Obrazkowy Odpowiedź % Poprawnych
Kosowo
100%
Naddniestrze
76%
Cypr Północny
73%
Abchazja
59%
Osetia Południowa
54%
Somaliland
46%
Tajwan
46%
Górski Karabach
41%
Nie znaleziono quizów pasujących do podanych kryteriów
Rozkład punktacji
Procent ludzi z każdym wynikiem
Percentyl według liczby udzielonych odpowiedzi
Twoja historia wyników
Nie rozwiązałeś tego quizu